000 00503nam a22001937a 4500
003 MPLRDC
005 20220104193820.0
008 210129b ||||| |||| 00| 0 eng d
020 _a978-967-419-056-9
082 _a868.71 HNS
100 _a黄能世
245 _a论蔡天定峇迪绘画艺术的本土情怀
_c
250 _a初版一刷
260 _a马来西亚
_b大将出版社
_c2013
300 _b
490 _a大将文化: 23
650 _a马华文学
942 _cBK
_o868.71 HNS
999 _c65380
_d65370